000 00616cam a2200169u 4500
082 _a624.177
_bBAK
_cL-19, P-32.
100 1 _aBaker, Arthur Lemprière Lancey. [from old catalog]
_942932
245 1 4 _aThe ultimate-load theory applied to the design of reinforced & prestressed concrete frames.
260 _aLondon,
_bConcrete Publications
_c[1956]
300 _a91 p.
_billus.
_c24 cm.
526 _a0
_b0
_c0
_d624_177000000000000_BAK
526 _a0
_b0
_c0
_d624_177000000000000_BAK
650 0 _aConcrete construction.
650 0 _aMCE
_9379
650 0 _aStructural analysis (Engineering)
_9654
942 _2ddc
_cBK
999 _c546733
_d546733